LIBRARY & INFORMATION CENTRE, KCAET, TAVANUR

ONLINE PUBLIC ACCESS CATALOGUE (OPAC)

Soil physical measurement and interpretation for land evaluation / (Record no. 13462)

MARC details
000 -LEADER
fixed length control field 00507cam a2200181ua 4500
041 ## - LANGUAGE CODE
Language code of text/sound track or separate title eng
082 ## - DEWEY DECIMAL CLASSIFICATION NUMBER
Classification number 631.45
Item number MCK/SO
100 ## - MAIN ENTRY--AUTHOR NAME
Personal name McKenzie, Neil .
245 ## - TITLE STATEMENT
Title Soil physical measurement and interpretation for land evaluation /
250 ## - EDITION STATEMENT
Edition statement /
260 ## - PUBLICATION, DISTRIBUTION, ETC. (IMPRINT)
Place of publication New Delhi :
Name of publisher SBS Publishers & distributors ,
Year of publication 2008.
300 ## - PHYSICAL DESCRIPTION
Number of Pages ; .
700 1# - ADDED ENTRY--PERSONAL NAME
Personal name Coughlan, Kep .
700 1# - ADDED ENTRY--PERSONAL NAME
Personal name Cresswell, Hamish .
942 ## - ADDED ENTRY ELEMENTS (KOHA)
Koha item type Books
Holdings
Withdrawn status Lost status Damaged status Home library Current library Date acquired Full call number Accession Number Koha item type
      KAUAET KAUAET 07/04/2012 631.45 22038 Books
free website counter